| 000 | 00883nam a2200229 i 4500 | ||
|---|---|---|---|
| 001 | 189451 | ||
| 003 | ES-MaACL | ||
| 005 | 20251010161701.0 | ||
| 008 | 190603s1967 sp |||| | spa d | ||
| 100 | 0 |
_aBurgo, Luciano del. _932643 |
|
| 245 | 1 | 3 |
_aEl mensaje de la misión parroquial, hoy. _nIV, _pConferencias misionales / _cLuciano del Burgo y Marciano Vidal. |
| 260 |
_aMadrid : _bEl Perpetuo Socorro, _c1967. |
||
| 300 |
_a338 p. ; _c22 cm. |
||
| 490 | 1 |
_aColección "Kerigma", Cuadernos de Teología y Práctica Pastoral ; _v18 |
|
| 650 | 0 | 7 |
_aTeología pastoral _2embne _917472 |
| 650 | 4 |
_aMisiones parroquiales. _9167197 |
|
| 650 | 4 |
_aHomilia. _9167201 |
|
| 700 | 1 |
_aVidal, Marciano, _d1937- _9114448 |
|
| 830 | 0 | 0 |
_aColección "Kerigma". _pCuadernos de teología y práctica pastoral _v18 _9193324 |
| 852 |
_aES-MaACL _jP-565-Ter-6 |
||
| 999 |
_c189451 _d189451 |
||